| 000 | 00785nam a2200265 i 4500 | ||
|---|---|---|---|
| 001 | 5647 | ||
| 003 | ES-MaACL | ||
| 005 | 20230906144641.0 | ||
| 007 | t| | ||
| 008 | 890412s1986 sp ||||1| spa d | ||
| 020 | _a84-86104-08-4 | ||
| 080 | _a159.923 | ||
| 100 | 1 |
_aValdivielso Miquel, Emilio. _9112549 |
|
| 245 | 1 | 3 |
_aLa Personalidad humana, su capacidad creadora / _cEmilio Valdivielso Miquel. |
| 260 |
_aMadrid : _bTecnipublicaciones, _cD.L. 1986. |
||
| 300 |
_a277 p. ; _c23 cm. |
||
| 490 | 1 |
_aContinente-contenido ; _v5 |
|
| 500 | _aBibliografia. | ||
| 500 | _aIndice. | ||
| 650 | 1 | 4 |
_aCreatividad. _911407 |
| 650 | 1 | 4 |
_aPersonalidad. _915971 |
| 830 | 0 |
_aContinente-contenido ; _v5 _9177309 |
|
| 852 |
_aES-MaACL _jL-12425 _bR.114602 _z. - rust. |
||
| 999 |
_c5647 _d5647 |
||